1476 1365 1546 1622 1325 1593 1533 1664 1665 1174 1119 1500 1099 1095 1083 1724 1924 1190 1365 1357 1058 1264 1108 1546 1971 1956 1763 1988 1606 1482 1672 1247 1295 1064 1249 1351 1371 1900 1543 1251 1165 1603 1662 1791 1675 1956 1480 1942 1641 1434 1427 1198 1400 1276 1544 1457 1734 1638 1650 1662 1703 1671 1822 1957 1618 1353 1176 1842 1650 1520 1645 1904 1036 1773 1972 1011 1052 1856 1295 1336 1203 1958 1240 1957 1918 1085 1453 1941 1531 1176 1149 1176 1871 1076 1845 1077 1102 1427 1835 BCNSPRNW ULIB Ver.6.0+V

เปลี่ยนเป็นภาษาไทย

Change to English
 แสดงรายละเอียดบรรณานุกรม
  กลับหน้าหลัก

Brief Record : Get Marc (ISO 2709) : E-mail record : QR code < ปิดหน้าต่าง
LEADER : 00000nam 2200000uu 4500
001    13399111222
003     ULIB
008    110620s2000||||th 000 0 eng d
020    0443054215
060 00 WY 161^bS961s 2000
245 10 Surgical nursing:^nadvancing practice /^c[edited by] Kim Manley and Loretta Bellman
260    Edinburgh :^bChurchill Livingstone,^c2000
300    676 p. :^bill.
650  0 Surgical nursing
945    ^p0^l0^i013382
995    kesorn
999 ^a ใช้งานได้ทุกระบบ
รายการนี้ยังไม่มีแท็ก
คุณยังไม่ได้ล็อกอิน คุณสามารถมีกิจกรรมร่วมกับเว็บไซต์ได้ แต่ต้องล็อกอินก่อน ::
  ล็อกอิน

รายการสื่อสารสนเทศ

ลำดับที่ ประเภท เลขเรียก/บาร์โค้ด สถานที่ สถานะ
- ไม่พบข้อมูล -

รายการใกล้เคียง
    หัวเรื่อง [Surgical nursing]

BibComment


ยังไม่เคยถูกคอมเมนท์

คอมเมนท์ทรัพยากรรายการนี้
  คอมเมนท์: Surgical nursing ..


 Copyright 2026. Bcnsprnw @Library